00691nam a2200169 4500001000700000003000900007005001700016007000300033008004100036100005100077245014300128260005500271300002200326852003200348999001900380952012200399137975ES-MaACL20230906195458.0t|070214s1964 sp r ||||1| spa d1 aSánchez Gamborino, Francisco Miguel.910265514aLas concesiones de servicios regulares de transportes por carretera, según el Tribunal Supremo / cFrancisco Miguel Sánchez Gamborino. aMadrid : b[s. n.], c1964 (fHijos de M. Minuesa) a262 p. ; c21 cm. aES-MaACLjC-27136 bR.56226 c137975d137975 00104070aATENEOMbATENEOMcDEPO2d2008-01-17eSCl0oC-27136p1143575r2023-02-23 00:00:00w2023-02-23yMONOGRAFIA